| 000 | 00528nam a22001817a 4500 | ||
|---|---|---|---|
| 003 | CEME | ||
| 005 | 20210628203042.0 | ||
| 008 | 210120b xxu||||| |||| 00| 0 eng d | ||
| 020 | _a81-317-1284-2 | ||
| 040 | _c. | ||
| 082 | _a621.4021 ENG | ||
| 100 |
_aEngel ,Thomas, Reid , Philip _963035 |
||
| 245 | _aThermodynamics, statistical thermodynamics and kinetics | ||
| 260 |
_aINDIA _bPEARSON EDUCATION ASIA _c2007 |
||
| 300 | _a607P | ||
| 650 |
_aTHERMODYNAMICS.STATISTICAL THERMODYNAMICS.KINETICS _963036 |
||
| 942 |
_cBK _2ddc |
||
| 999 |
_c571981 _d571981 |
||